السلطان الحائر : (Record no. 12359)
[ view plain ]
| 000 -LEADER | |
|---|---|
| fixed length control field | 00476nam a22001457a 4500 |
| 008 - FIXED-LENGTH DATA ELEMENTS--GENERAL INFORMATION | |
| fixed length control field | 090715t xxu||||| |||| 00| 0 eng d |
| 020 ## - INTERNATIONAL STANDARD BOOK NUMBER | |
| International Standard Book Number | 9770912034 |
| 082 ## - DEWEY DECIMAL CLASSIFICATION NUMBER | |
| Edition number | 21 |
| Classification number | 812.043 |
| Item number | ح ك ي |
| 245 ## - TITLE STATEMENT | |
| Title | السلطان الحائر : |
| Remainder of title | مسرحية / |
| Statement of responsibility, etc | توفيق الحكيم. |
| 250 ## - EDITION STATEMENT | |
| Edition statement | ط 1. |
| 260 ## - PUBLICATION, DISTRIBUTION, ETC. (IMPRINT) | |
| Place of publication, distribution, etc | القاهرة : |
| Name of publisher, distributor, etc | دار الشروق ، |
| Date of publication, distribution, etc | 2005. |
| 300 ## - PHYSICAL DESCRIPTION | |
| Extent | ؛ 199 ص |
| Dimensions | 19.50 سم. |
| 650 ## - SUBJECT ADDED ENTRY--TOPICAL TERM | |
| 9 (RLIN) | 8024 |
| Topical term or geographic name as entry element | المسرحيات العربية |
| Geographic subdivision | مصر |
| 942 ## - ADDED ENTRY ELEMENTS (KOHA) | |
| Source of classification or shelving scheme | Dewey Decimal Classification |
| Item type | Book - Borrowing |
| Withdrawn status | Item status | Source of classification or shelving scheme | Materials specified (bound volume or other part) | Damaged status | Not for loan | Vendor | Home library | Current library | Shelving location | Date acquired | Source of acquisition | Total Checkouts | Full call number | Barcode | Date last seen | Koha item type | Total Renewals | Checked out | Date last borrowed |
|---|---|---|---|---|---|---|---|---|---|---|---|---|---|---|---|---|---|---|---|
| Lost | Dewey Decimal Classification | Lost In Inventory_2015-8-23 | Central Library | Central Library | Second Floor | 15/07/2009 | 812.043 الح | 000017320 | 15/07/2009 | Book - Borrowing | |||||||||
| Dewey Decimal Classification | Central Library | Central Library | Second Floor | 15/07/2009 | Purchase | 7 | 812.043 الح | 000017321 | 19/09/2020 | Book - Borrowing | 3 | 19/10/2020 | 19/09/2020 |